000 01145nas a2200289 4500
001 BR8500061
003 BR-BrBNA
005 20231205090041.0
007 ta
008 230509b bl.|||p| |||| 00| 00por d
040 _aBR-BrBNA
_bpor
_cBiblioteca Nacional de Agricultura
041 _a(Pt)
072 _aH10; H20
100 1 _aGravena, S.
100 1 _aChurata-Masca, M.G.C.
100 1 _aArai, J.
100 1 _aRaga, A.
245 1 _aManejo integrado da mosca branca Bemisia tabaci (Gennadius, 1889)em cultivares de tomateiro de crescimento determinado visando reducao de virose do mosaico dourado [Lycopersicum esculentum]
246 1 _aIntegrated management of the whitefly Bemisia tabaci (Gennadius, 1889)in tomato cultivars of determined growth for controlling the golden mosaic virus disease [Lycopersicum esculentum]
650 _aTOMATE
650 _aMOSCA BRANCA
650 _aMOSAICO DOURADO
650 _aCONTROLE BIOLOGICO
773 0 _tAnais da Sociedade Entomologica do Brasil (Brazil)
_xISSN 0301-8059
_g(1984), v. 13(1) p. 35-45
_wBR8500061
909 _a202311
_bLúcia
_c55
_dLúcia Elande
942 _2AGRIS
_n0
_cANA
999 _c115810
_d115810